| 000 | 00604nam a2200217Ii 4500 | ||
|---|---|---|---|
| 003 | JO-AjNU | ||
| 008 | 230606s9999||||xx |||||||||||||| ||und|| | ||
| 020 | _a81-88458-90-2 | ||
| 040 |
_aJO-AjNU _beng _erda _cJO-AjNU |
||
| 041 | _aeng | ||
| 050 | 1 | 4 | _aQA76.9.D3.S34.2007 |
| 100 | 3 |
_aSehrawat, D.S. Sharma,Sanja, _eauthor _9297 |
|
| 245 | 0 | 0 | _aIntroduction to Databases |
| 250 | _a2ed | ||
| 264 | 3 | 1 | _aS.K KATARIA SONS:2009 |
| 300 | _a234p | ||
| 336 |
_atext _btxt _2rdacontent |
||
| 337 |
_aunmediated _bn _2rdamedia |
||
| 338 |
_avolume _bnc _2rdacarrier |
||
| 650 | 4 |
_a Database management. _9298 |
|
| 999 |
_aE157 _c157 _d157 |
||